00446 a2200145 4500010001400000020002200014035001300036037001800049082000800067100001800075245008000093260003400173270006800207300002500275 aENG-85903 a8125030794c40.00 aEN-69436 bD.B.Act / Pub14a92014aJagadisan, S.1 aPortraits in prosecby S. Jagadisanban anthology of biographical sketches aChennaibOrient Longmanc200? a160, Anna SalaibChennaie600 002mchegeneral@orientlongman.com a109 p.b22 cm ( Hb.)